Biblioteca

Sexo y matrimonio / H. Morgan Williams, W. Melville Capper ; Daniel Hall, Traductor (Registro nro. 32655)

Detalles MARC
000 -LÍDER
Campo fijo de descripción fija 008050000a22002170004500
041 0# - CÓDIGO DE IDIOMA
Código de idioma para texto/pista de sonido o título separado
082 04 - NÚMERO DE CLASIFICACIÓN DECIMAL DEWEY
Número de clasificación G 176 W7211s
001 - NÚMERO DE CONTROL
Campo de control 1332
100 1# - ASIENTO PRINCIPAL--NOMBRE PERSONAL
Nombre personal Williams, H. Morgan (Hugh Morgan)
245 10 - TÍTULO
Título del Material Sexo y matrimonio / H. Morgan Williams, W. Melville Capper ; Daniel Hall, Traductor
250 ## - MENCIÓN DE EDICIÓN
Mención de edición 3
260 ## - PUBLICACIÓN, DISTRIBUCIÓN, ETC. (PIE DE IMPRENTA)
Lugar de publicación, distribución, etc. Buenos Aires, Argentina : Certeza
300 ## - DESCRIPCIÓN FÍSICA
Extensión 152 Pag.
336 ## - CONTENT TYPE
Content type term texto
Content type code txt
Source rdacontent
337 ## - MEDIA TYPE
Source rdamedia
Media type term sin mediación
Media type code n
338 ## - CARRIER TYPE
Source rdacarrier
Carrier type term volumen
Carrier type code nc
500 ## - NOTA GENERAL
Nota General Título original : Toward christian marriage
505 00 - NOTA DE CONTENIDO
Nota de contenido con formato preestablecido la amistad -- el enamoramiento -- la elección del cónyuge -- el punto de vista femenino -- designio propósitos del matrimonio -- desórdenes del sexo -- auto-disciplina -- rumbo a la libertad
650 14 - ASIENTO SECUNDARIO DE MATERIA - TERMINO TEMÁTICO
Término temático o nombre geográfico como elemento de entrada MATRIMONIO
942 ## - TIPO DE MATERIAL (KOHA)
Tipo de Item KOHA Libros General
Existencias
Estado de Material Estado de Perdido Estado de Dañado No para Préstamo Colección Tomo Biblioteca de Origen Biblioteca Permanente Fecha de Adquisición Total de Préstamos Signatura Topográfica Código de Barras Última vez visto Última vez Préstado Ejemplar/Existencia Fecha de Remplazo Tipo de Material
        Colección General   Biblioteca FUSBC Biblioteca FUSBC 13/10/2004 1 G 176 W7211s 799 29/09/2022 26/09/2022 1 26/01/2016 Libros General

Biblioteca FUSBC | Teléfono: (57+4) 349 88 10 Ext. 141| WhatsApp (+57) 3005338115 
E-mail: biblioteca@unisbc.edu.co | Calle 76 87-14 Robledo Palenque, Medellín, Colombia

Con tecnología Koha